|
|
|
|
| LEADER |
01085nam a2200277 a 4500 |
| 001 |
14790520 |
| 008 |
100505c2005 nyuuu 0 0eng d |
| 010 |
|
|
|a \\2007210206
|
| 020 |
|
|
|a 0071451986
|
| 040 |
|
|
|a DLC
|c DLC
|d DLC
|d BD-DhAAL
|
| 082 |
0 |
0 |
|a 428/.007
|
| 245 |
0 |
0 |
|a McGraw-Hill's TOEFL computer-based test.
|
| 246 |
1 |
3 |
|a TOEFL computer-based test
|
| 246 |
1 |
3 |
|a TOEFL CBT
|
| 260 |
|
|
|a New York :
|b McGraw-Hill,
|c c2005-
|
| 300 |
|
|
|a xii, 445 p. :
|b ill. ;
|c 28 cm.
|
| 362 |
1 |
|
|a Began with 2005.
|
| 500 |
|
|
|a Description based on: 2005; title from t.p.
|
| 541 |
1 |
|
|e 00017509
|
| 650 |
|
0 |
|a Test of English as a Foreign Language
|v Study guides
|v Periodicals.
|
| 650 |
|
0 |
|a English language
|v Textbooks for foreign speakers
|v Periodicals.
|
| 650 |
|
0 |
|a English language
|x Examinations
|v Study guides
|v Periodicals.
|
| 710 |
2 |
|
|a McGraw-Hill, inc.
|
| 852 |
4 |
|
|a Ayesha Abed Library
|j General Shelf
|
| 999 |
|
|
|c 8416
|d 8416
|
| 952 |
|
|
|0 0
|1 0
|2 ddc
|4 0
|6 428_007000000000000_MCG_2005
|7 0
|9 9831
|a BRACUL
|b BRACUL
|c GEN
|d 2010-05-06
|l 11
|m 110
|o 428.007 MCG
|p 3010017509
|r 2020-02-23
|s 2020-02-04
|t 1
|w 2010-05-06
|y BK
|